000 00360nam a2200145Ia 4500
999 _c1443
_d1443
008 191201s2004 xx 000 0 und d
082 _a540FIC
100 _aFinar, I L
245 0 _aOrganic Chemistry vol-1
250 _a6th
260 _aN.Delhi
_bPearson Education
_c2004
300 _a965
650 _aPharmaceutical Organic Chemisty
942 _2ddc
_cBK
_01